[Event "Champ FRA - Under 8"]
[Site "Europe Echecs"]
[Date "2020.07.06"]
[Round "4"]
[Time "15:20:55"]
[PlyCount "102"]
[White "YastrebovDanie"]
[Black "LetellierTimot"]
[WhiteElo "1390"]
[BlackElo "1027"]
[Mode "WEB"]
[Result "1-0"]

1. e4 c5 2. Nf3 d6 3. d4 cxd4 4. Nxd4 Nf6 5. Nc3 Nc6 6. Nb3 e6 7. Bg5 Be7 8. Bd3
h6 9. Be3 O-O 10. O-O d5 11. exd5 exd5 12. Bb5 d4 13. Bxc6 dxe3 14. Qxd8 Rxd8
15. Bf3 exf2+ 16. Rxf2 b6 17. Bxa8 Be6 18. Bf3 Bxb3 19. axb3 Bc5 20. Raf1 Bxf2+
21. Rxf2 Re8 22. Re2 Rd8 23. Re7 a5 24. Rb7 Rd6 25. Na4 Rd2 26. c4 g5 27. Rxb6
Kg7 28. h3 h5 29. g4 hxg4 30. hxg4 Rd3 31. Kf2 Rd2+ 32. Kg3 Rd3 33. c5 Ne4+ 34.
Kg2 Nd2 35. Ba8 Nxb3 36. c6 Rd2+ 37. Kf3 Rd3+ 38. Ke4 Rg3 39. Kd5 Rxg4 40. c7
Rd4+ 41. Ke5 f6+ 42. Ke6 Re4+ 43. Kd7 Rd4+ 44. Rd6 Nc5+ 45. Nxc5 Rxd6+ 46. Kxd6
g4 47. c8=Q Kg6 48. Ke6 f5 49. Qg8+ Kh5 50. Kxf5 g3 51. Qh8# {LetellierTimot est échec et mat} 1-0

[Event "Champ FRA - Under 8"]
[Site "Europe Echecs"]
[Date "2020.07.06"]
[Round "4"]
[Time "15:20:55"]
[PlyCount "78"]
[White "SamouelianSola"]
[Black "MoreauBaptiste"]
[WhiteElo "1349"]
[BlackElo "1020"]
[Mode "WEB"]
[Result "1-0"]

1. e4 e5 2. Nf3 Nc6 3. Bc4 Nf6 4. d3 h6 5. Nc3 Bc5 6. Nd5 Nxd5 7. Bxd5 O-O 8.
Bxc6 bxc6 9. Nxe5 Re8 10. Nc4 d5 11. Nd2 dxe4 12. dxe4 Qf6 13. Qf3 Qe7 14. O-O
Bd6 15. Re1 Qe5 16. Qg3 Qh5 17. Qf3 Qxh2+ 18. Kf1 Ba6+ 19. c4 Qh1+ 20. Ke2 Qh4
21. b3 Bb4 22. a3 Bxd2 23. Bxd2 Rxe4+ 24. Kd3 Rd8+ 25. Kc2 Red4 26. Be3 R4d6 27.
Rh1 Qe7 28. Rae1 Qd7 29. Qg3 Kf8 30. Bc5 Kg8 31. Bxd6 Qxd6 32. Qxd6 Rxd6 33. Re7
g5 34. Rxc7 f5 35. Rxa7 Bc8 36. Ra8 Rd8 37. Rxh6 f4 38. Kc3 Kg7 39. Rxc6 {MoreauBaptiste a abandonné} 1-0

[Event "Champ FRA - Under 8"]
[Site "Europe Echecs"]
[Date "2020.07.06"]
[Round "4"]
[Time "15:20:55"]
[PlyCount "61"]
[White "RibreauAnna"]
[Black "LamorelleAlexe"]
[WhiteElo "1280"]
[BlackElo "1009"]
[Mode "WEB"]
[Result "0-1"]

1. c4 e5 2. Nc3 Nf6 3. g3 Nc6 4. Bg2 d6 5. d3 Bf5 6. Nf3 d5 7. cxd5 Nxd5 8. O-O
Bc5 9. e4 Nxc3 10. bxc3 Bg6 11. Qd2 O-O 12. Qg5 Qxg5 13. Nxg5 h6 14. Nf3 Rad8
15. Rd1 Bxe4 16. Nd2 Bxg2 17. Kxg2 Rxd3 18. Rb1 b6 19. Re1 Rxc3 20. Nf3 Rc2 21.
Nxe5 Bxf2 22. Re4 Nxe5 23. Rxe5 Bd4+ 24. Re2 Rxe2+ 25. Kf3 Rf2+ 26. Ke4 c5 27.
h4 f5+ 28. Kd3 Re8 29. Bd2 Ree2 30. Rb2 Bxb2 {RibreauAnna a abandonné} 0-1

[Event "Champ FRA - Under 8"]
[Site "Europe Echecs"]
[Date "2020.07.06"]
[Round "4"]
[Time "15:20:55"]
[PlyCount "94"]
[White "RobbeHugo"]
[Black "SchluppLea"]
[WhiteElo "1270"]
[BlackElo "960"]
[Mode "WEB"]
[Result "1-0"]

1. e4 e5 2. Nf3 Nc6 3. Bc4 Bc5 4. O-O d6 5. h3 Be6 6. Nc3 Bxc4 7. d3 Be6 8. Bg5
Nf6 9. d4 exd4 10. Nxd4 Nxd4 11. Be3 Bc4 12. Re1 O-O 13. Bxd4 Bxd4 14. Qxd4 Qd7
15. Qxc4 a6 16. Nd5 Ne8 17. Re3 b5 18. Qd4 c5 19. Qd2 h6 20. Nb6 Qb7 21. Nxa8
Qxa8 22. Rg3 Nf6 23. Qe2 d5 24. exd5 Qxd5 25. Rd1 Qxa2 26. Qf3 Qxb2 27. Qxf6
Qxf6 28. Rf3 Qc3 29. Rxc3 b4 30. Rxc5 b3 31. cxb3 a5 32. Rdc1 Kh7 33. Rc8 Rxc8
34. Rxc8 g6 35. Rc5 Kg7 36. Rxa5 f6 37. b4 h5 38. b5 g5 39. b6 f5 40. Rxf5 g4
41. hxg4 hxg4 42. b7 Kg6 43. Rc5 Kf6 44. b8=Q Kg6 45. Qd6+ Kg7 46. Rc7+ Kg8 47.
Qd8# {SchluppLea est échec et mat} 1-0

[Event "Champ FRA - Under 8"]
[Site "Europe Echecs"]
[Date "2020.07.06"]
[Round "4"]
[Time "15:20:55"]
[PlyCount "40"]
[White "PerrinStephane"]
[Black "KermarrecHugo"]
[WhiteElo "1260"]
[BlackElo "950"]
[Mode "WEB"]
[Result "1-0"]

1. e4 e5 2. Bc4 Nf6 3. c3 a5 4. d4 exd4 5. e5 Ne4 6. Qh5 Qe7 7. f3 Nf6 8. Qh3
Qxe5+ 9. Ne2 Qg5 10. Bxg5 dxc3 11. bxc3 Ng4 12. Qh5 Ne5 13. Bf4 Nxc4 14. Nd4 Nb2
15. O-O Nd3 16. Bxc7 Na6 17. Bb6 Ndb4 18. Re1+ Be7 19. Qe5 f6 20. Qxe7# {KermarrecHugo est échec et mat} 1-0

[Event "Champ FRA - Under 8"]
[Site "Europe Echecs"]
[Date "2020.07.06"]
[Round "4"]
[Time "15:20:55"]
[PlyCount "51"]
[White "LarroumetsAugu"]
[Black "ToNamLong"]
[WhiteElo "1090"]
[BlackElo "1260"]
[Mode "WEB"]
[Result "0-1"]

1. d4 d6 2. f4 Nf6 3. Nc3 Nbd7 4. Nf3 c6 5. e3 Qc7 6. b3 e5 7. fxe5 dxe5 8. dxe5
Nxe5 9. Nxe5 Qxe5 10. Na4 Qxa1 11. Bb2 Qxd1+ 12. Kxd1 Bd6 13. Bxf6 gxf6 14. h4
b5 15. Nc3 Bc5 16. Rh3 Bxh3 17. gxh3 Bxe3 18. Ne2 Bf2 19. Nf4 Bxh4 20. Bg2
O-O-O+ 21. Kc1 Bg5 22. Bxc6 Bxf4+ 23. Kb2 Be5+ 24. Kc1 Rhg8 25. h4 Rg1# {LarroumetsAugu est échec et mat} 0-1

[Event "Champ FRA - Under 8"]
[Site "Europe Echecs"]
[Date "2020.07.06"]
[Round "4"]
[Time "15:20:55"]
[PlyCount "57"]
[White "ButotQuentin"]
[Black "BennaniJohan"]
[WhiteElo "1250"]
[BlackElo "940"]
[Mode "WEB"]
[Result "1-0"]

1. e4 e5 2. Nf3 Nc6 3. Bc4 Nf6 4. O-O d5 5. exd5 Nxd5 6. d4 exd4 7. Nxd4 Nxd4 8.
Qxd4 Bf5 9. Bxd5 Be6 10. Qe5 Bd6 11. Qd4 Qh4 12. g3 Qxd4 13. Bxe6 fxe6 14. Be3
Qxb2 15. Nd2 Qxc2 16. Rab1 Qxa2 17. Rxb7 O-O-O 18. Rxa7 Qd5 19. Rfa1 Rhf8 20.
Ra8+ Kd7 21. R8a5 Qc6 22. Ra6 Qe4 23. Nxe4 Rde8 24. Ra7 Re7 25. R1a6 Bb4 26. Rb7
Be1 27. Kf1 Ref7 28. Nc5+ Ke7 {BennaniJohan a abandonné} 1-0

[Event "Champ FRA - Under 8"]
[Site "Europe Echecs"]
[Date "2020.07.06"]
[Round "4"]
[Time "15:20:55"]
[PlyCount "87"]
[White "TchaplyguineNi"]
[Black "MelkumyanDavid"]
[WhiteElo "1090"]
[BlackElo "1240"]
[Mode "WEB"]
[Result "0-1"]

1. e4 e5 2. Nf3 Nf6 3. Nxe5 Qe7 4. Nf3 Nxe4 5. Qe2 Nf6 6. d4 Qxe2+ 7. Bxe2 Be7
8. Nc3 Nc6 9. Bg5 O-O 10. Ne5 h6 11. Nxc6 dxc6 12. Bxf6 Bxf6 13. O-O Bxd4 14. h3
Re8 15. Bf3 Bxc3 16. bxc3 Bf5 17. Rac1 a5 18. g4 Bg6 19. h4 Re5 20. h5 Be4 21.
Rfe1 Rae8 22. Bxe4 Rxe4 23. Rxe4 Rxe4 24. Rd1 Rxg4+ 25. Kh2 Rh4+ 26. Kg3 Rxh5
27. Rd7 Rg5+ 28. Kh4 Rf5 29. Kg3 Rg5+ 30. Kf4 Rc5 31. Rxc7 Rxc3 32. Rxb7 Rxc2
33. Rc7 Rxf2+ 34. Ke3 Rxa2 35. Rxc6 a4 36. Ra6 Ra3+ 37. Kd4 h5 38. Ke4 h4 39.
Kf4 Ra1 40. Kg4 a3 41. Kxh4 a2 42. Kg3 Rg1+ 43. Kf2 a1=Q {TchaplyguineNi a abandonné} 0-1

[Event "Champ FRA - Under 8"]
[Site "Europe Echecs"]
[Date "2020.07.06"]
[Round "4"]
[Time "15:20:55"]
[PlyCount "74"]
[White "LeblancCondeEv"]
[Black "BauerPierre"]
[WhiteElo "1067"]
[BlackElo "1187"]
[Mode "WEB"]
[Result "1-0"]

1. e4 e5 2. Nf3 Nf6 3. Nc3 Nc6 4. Bc4 Bb4 5. O-O d6 6. Re1 O-O 7. a3 Ba5 8. b4
Bb6 9. Nd5 Bg4 10. h3 Bh5 11. c3 Bg6 12. Nxf6+ Qxf6 13. Bb2 Bh5 14. Be2 Bg6 15.
Bc4 a5 16. b5 Ne7 17. a4 c6 18. d4 exd4 19. cxd4 Bh5 20. Be2 Bg6 21. Bd3 cxb5
22. Bxb5 d5 23. exd5 Nxd5 24. Ne5 Bf5 25. Bd7 Nb4 26. Bxf5 Qxf5 27. Rc1 Rfd8 28.
Nc4 Nd3 29. Nxb6 Qxf2+ 30. Kh2 Nxb2 31. Qc2 Qf4+ 32. g3 Qxd4 33. Nxa8 Nxa4 34.
Red1 Qf6 35. Rxd8+ Qxd8 36. Qc8 Qe8 37. Qxe8# {BauerPierre est échec et mat} 1-0

[Event "Champ FRA - Under 8"]
[Site "Europe Echecs"]
[Date "2020.07.06"]
[Round "4"]
[Time "15:20:55"]
[PlyCount "110"]
[White "GongAlex"]
[Black "VoglerRomain"]
[WhiteElo "1062"]
[BlackElo "1171"]
[Mode "WEB"]
[Result "1-0"]

1. e4 c5 2. Nf3 d6 3. d4 cxd4 4. Nxd4 Nf6 5. Nc3 g6 6. Nb3 Bg7 7. f3 Nc6 8. Be3
Bd7 9. Be2 a5 10. O-O a4 11. Nd4 Qb6 12. Nxc6 Qxe3+ 13. Kh1 Bxc6 14. Re1 Qb6 15.
Bd3 O-O 16. Rb1 Ra5 17. Bc4 Rc8 18. b3 axb3 19. Bxb3 Nd7 20. Bxf7+ Kxf7 21. Rxb6
Nxb6 22. Ne2 Rxa2 23. Qb1 Ra6 24. Qb3+ Kf8 25. Nd4 Bxd4 26. Rd1 Bc5 27. Qb2 Kf7
28. Qb3+ Ke8 29. Qg8+ Kd7 30. Qxh7 Rca8 31. h3 Ra1 32. Rxa1 Rxa1+ 33. Kh2 Bf2
34. Qxg6 Ra2 35. Qf5+ Kc7 36. Qe6 Kd8 37. Qxa2 Kc7 38. Qe6 Bb5 39. Qxe7+ Kc6 40.
g4 Nc4 41. h4 Nd2 42. Kg2 Bb6 43. h5 Bf1+ 44. Kg3 d5 45. h6 dxe4 46. fxe4 Bc7+
47. Kf2 Ba6 48. h7 Bd6 49. Qe8+ Kc7 50. h8=Q Bc4 51. Qb8+ Kc6 52. Qhc8+ Kb5 53.
Qbxb7+ Ka4 54. Qca8+ Ba6 55. Qaxa6# {VoglerRomain est échec et mat} 1-0

[Event "Champ FRA - Under 8"]
[Site "Europe Echecs"]
[Date "2020.07.06"]
[Round "4"]
[Time "15:20:55"]
[PlyCount "82"]
[White "CosynsJean"]
[Black "ChenLucie"]
[WhiteElo "1130"]
[BlackElo "900"]
[Mode "WEB"]
[Result "1-0"]

1. e4 e5 2. Nf3 Nc6 3. d4 Nf6 4. dxe5 Nxe5 5. Nxe5 d5 6. exd5 Nxd5 7. Nf3 Bb4+
8. c3 Bc5 9. c4 Nb6 10. Qxd8+ Kxd8 11. Nc3 Bg4 12. Be2 Re8 13. O-O Ke7 14. h3
Bf5 15. Re1 Kf8 16. Bf4 Rac8 17. Nd5 Nd7 18. Nxc7 Red8 19. Bd1 h6 20. Ba4 Nb6
21. Bb5 Bd6 22. Bxd6+ Rxd6 23. Nd5 Kg8 24. Ne7+ Kh8 25. Nxc8 Rg6 26. Ne7 Rf6 27.
Nxf5 Rxf5 28. Re8+ Kh7 29. Re7 Kg6 30. Rxb7 Nc8 31. Bd7 Nd6 32. Bxf5+ Nxf5 33.
Rxa7 f6 34. c5 Kh7 35. c6 Kg8 36. c7 Kh7 37. c8=Q Kg6 38. Qd7 h5 39. g4 hxg4 40.
hxg4 Nh6 41. Qxg7# {ChenLucie est échec et mat} 1-0

[Event "Champ FRA - Under 8"]
[Site "Europe Echecs"]
[Date "2020.07.06"]
[Round "4"]
[Time "15:20:55"]
[PlyCount "57"]
[White "FonsatEthan"]
[Black "RomeroAlexandr"]
[WhiteElo "1130"]
[BlackElo "900"]
[Mode "WEB"]
[Result "0-1"]

1. e4 e5 2. Qf3 Nf6 3. Nc3 Bc5 4. Bc4 Nc6 5. Nh3 d6 6. O-O Bg4 7. Qg3 Qd7 8. Ng5
O-O-O 9. Nxf7 Nh5 10. Qd3 Nf4 11. Qg3 Ne2+ 12. Nxe2 Bxe2 13. Bxe2 Qxf7 14. Bg4+
Kb8 15. Qh3 h5 16. Be6 Qf4 17. d4 Bxd4 18. Bxf4 exf4 19. c3 Bf6 20. Qf5 Rhf8 21.
Qxf4 g5 22. Qf3 g4 23. Qf5 Ne7 24. Qxh5 Be5 25. Qxg4 Rf4 26. Qg5 Rxe4 27. Qxe7
Rh8 28. g3 b6 {FonsatEthan a perdu au temps} 0-1

[Event "Champ FRA - Under 8"]
[Site "Europe Echecs"]
[Date "2020.07.06"]
[Round "4"]
[Time "15:20:55"]
[PlyCount "42"]
[White "PerrinJulian"]
[Black "BalesterDimitr"]
[WhiteElo "1050"]
[BlackElo "1120"]
[Mode "WEB"]
[Result "1-0"]

1. e4 e5 2. Nf3 Nc6 3. g3 Nf6 4. Nc3 Bb4 5. Bg2 Bxc3 6. bxc3 Nxe4 7. d3 Nf6 8.
d4 O-O 9. O-O d6 10. d5 Na5 11. Bg5 h5 12. Bxf6 gxf6 13. h3 f5 14. Qd2 Nc4 15.
Qc1 c6 16. dxc6 bxc6 17. Qh6 Nb2 18. Rab1 Nc4 19. Qxh5 Kg7 20. Ng5 Qf6 21. Qh7# {BalesterDimitr est échec et mat} 1-0

[Event "Champ FRA - Under 8"]
[Site "Europe Echecs"]
[Date "2020.07.06"]
[Round "4"]
[Time "15:20:55"]
[PlyCount "65"]
[White "ManvieuPaul"]
[Black "KennelArsene"]
[WhiteElo "1018"]
[BlackElo "1110"]
[Mode "WEB"]
[Result "0-1"]

1. e4 d5 2. exd5 Qxd5 3. Nc3 Qa5 4. d4 Bf5 5. Nf3 Nf6 6. Ne5 e6 7. Bb5+ c6 8.
Bc4 Bd6 9. Bf4 Qc7 10. O-O Nbd7 11. Re1 O-O 12. Nxd7 Qxd7 13. Be5 b5 14. Bb3 a5
15. Bxf6 a4 16. Be5 axb3 17. cxb3 Bxe5 18. Rxe5 Rfd8 19. Ne2 Rac8 20. a4 c5 21.
axb5 Qxb5 22. Re3 cxd4 23. Nxd4 Qd5 24. Ra4 e5 25. Rf3 Bg6 26. Qa1 exd4 27. Ra5
Rc5 28. Ra4 d3 29. b4 Rc4 30. b3 Rc2 31. Kf1 d2 32. Ke2 d1=Q+ {ManvieuPaul a perdu au temps} 0-1

[Event "Champ FRA - Under 8"]
[Site "Europe Echecs"]
[Date "2020.07.06"]
[Round "4"]
[Time "15:20:55"]
[PlyCount "38"]
[White "LlariMarc"]
[Black "RodriguezAntoi"]
[WhiteElo "799"]
[BlackElo "1110"]
[Mode "WEB"]
[Result "1-0"]

1. e4 e6 2. d4 d5 3. Nc3 Bb4 4. e5 c5 5. a3 Bxc3+ 6. bxc3 Nc6 7. Nf3 Nge7 8. Bd3
O-O 9. Bxh7+ Kxh7 10. Ng5+ Kg8 11. Qh5 Re8 12. Qh7+ Kf8 13. Qh8+ Ng8 14. Nh7+
Ke7 15. Bg5+ Kd7 16. Qxg7 Qc7 17. Qxf7+ Nge7 18. Nf6+ Kd8 19. Qxe8# {RodriguezAntoi est échec et mat} 1-0

[Event "Champ FRA - Under 8"]
[Site "Europe Echecs"]
[Date "2020.07.06"]
[Round "4"]
[Time "15:20:55"]
[PlyCount "43"]
[White "GurevichMichel"]
[Black "MoreauKenan"]
[WhiteElo "1107"]
[BlackElo "820"]
[Mode "WEB"]
[Result "0-1"]

1. e4 e5 2. Nf3 Nc6 3. Nc3 Nf6 4. Bc4 Nxe4 5. Nxe4 d5 6. Bb5 dxe4 7. Nxe5 Bd7 8.
Ng4 Bc5 9. Qe2 O-O 10. O-O Re8 11. Qc4 Bd6 12. d4 Bxg4 13. d5 Ne5 14. Qxe4 Nf3+
15. gxf3 Rxe4 16. fxe4 Qh4 17. Re1 Bxh2+ 18. Kh1 Bf5 19. exf5 Bg3+ 20. Kg1 Qh2+
21. Kf1 Qxf2# {GurevichMichel est échec et mat} 0-1

[Event "Champ FRA - Under 8"]
[Site "Europe Echecs"]
[Date "2020.07.06"]
[Round "4"]
[Time "15:20:55"]
[PlyCount "57"]
[White "LefolMarius"]
[Black "LeBlevecYelise"]
[WhiteElo "799"]
[BlackElo "1107"]
[Mode "WEB"]
[Result "0-1"]

1. e4 e5 2. Nf3 Nf6 3. Nxe5 d6 4. Nf3 Nxe4 5. d3 Nf6 6. Be2 Be7 7. O-O O-O 8. c4
Nc6 9. Nc3 Bg4 10. Bg5 h6 11. Bxf6 Bxf6 12. Ne5 Bxe2 13. Nxc6 Bxd1 14. Nxd8 Be2
15. Nxe2 Raxd8 16. Nf4 Bxb2 17. Rab1 Be5 18. Nh3 b6 19. f4 Bd4+ 20. Kh1 Rfe8 21.
Rfe1 Rxe1+ 22. Rxe1 Bc3 23. Rc1 Bd2 24. Rf1 Re8 25. Rf2 Re1+ 26. Ng1 Be3 27. Rf1
Rxf1 28. f5 Rxg1# {LefolMarius est échec et mat} 0-1

[Event "Champ FRA - Under 8"]
[Site "Europe Echecs"]
[Date "2020.07.06"]
[Round "4"]
[Time "15:20:55"]
[PlyCount "62"]
[White "BriquetTom"]
[Black "BousmatAdam"]
[WhiteElo "1099"]
[BlackElo "799"]
[Mode "WEB"]
[Result "1-0"]

1. e4 c5 2. Nf3 Nf6 3. e5 Ng4 4. Nc3 d6 5. exd6 exd6 6. Bc4 Qe7+ 7. Ne2 Be6 8.
Bxe6 Qxe6 9. d4 cxd4 10. Nfxd4 Qd7 11. O-O Nf6 12. Re1 Be7 13. Bg5 O-O 14. Ng3
Nc6 15. Ndf5 g6 16. Nxe7+ Nxe7 17. Bxf6 Rfe8 18. Qd2 Nf5 19. Nxf5 Rxe1+ 20. Rxe1
Qxf5 21. Bh4 Rc8 22. Qxd6 Rxc2 23. Qd8+ Kg7 24. Qg5 Qd3 25. Qf6+ Kh6 26. h3 Rc6
27. Qxf7 g5 28. Bg3 Rg6 29. Re7 Qd1+ 30. Kh2 Qb1 31. Qxh7# {BousmatAdam est échec et mat} 1-0

[Event "Champ FRA - Under 8"]
[Site "Europe Echecs"]
[Date "2020.07.06"]
[Round "4"]
[Time "15:20:55"]
[PlyCount "104"]
[White "RogerAolis"]
[Black "CorralNehamaLe"]
[WhiteElo "1098"]
[BlackElo "799"]
[Mode "WEB"]
[Result "1-0"]

1. e4 e5 2. Nc3 Nf6 3. f4 Nc6 4. fxe5 Nxe5 5. d4 Nc6 6. e5 Ng8 7. Nf3 Bb4 8. Bf4
f6 9. g3 fxe5 10. dxe5 Nge7 11. Bg2 O-O 12. O-O Bxc3 13. bxc3 Nf5 14. Qd3 h6 15.
Qxf5 Rxf5 16. Nh4 Rf7 17. Bd5 g5 18. Bxf7+ Kg7 19. Ng6 gxf4 20. Rxf4 Ne7 21.
Nxe7 Qxe7 22. Raf1 Qxe5 23. Bb3 Qxc3 24. Rf7+ Kg8 25. R7f3+ Kg7 26. Rxc3 c6 27.
Rf7+ Kg6 28. Rcf3 d5 29. c4 Be6 30. R3f6+ Kg5 31. Rxe6 dxc4 32. Bxc4 b5 33. Bd3
Rc8 34. Rg6+ Kh5 35. Rf5+ Kxg6 36. Rf8+ Kg7 37. Rxc8 a5 38. Rxc6 b4 39. Ra6 a4
40. Rxa4 b3 41. axb3 h5 42. b4 h4 43. b5 hxg3 44. b6 gxh2+ 45. Kxh2 Kf7 46. b7
Ke7 47. b8=Q Kd7 48. Rd4+ Kc6 49. Be4+ Kc5 50. Qd6+ Kb5 51. Bd3+ Ka5 52. Qb4# {CorralNehamaLe est échec et mat} 1-0

[Event "Champ FRA - Under 8"]
[Site "Europe Echecs"]
[Date "2020.07.06"]
[Round "4"]
[Time "15:20:55"]
[PlyCount "104"]
[White "AkyuzEnes"]
[Black "LeoniMathis"]
[WhiteElo "1092"]
[BlackElo "799"]
[Mode "WEB"]
[Result "1-0"]

1. e4 e5 2. Nf3 Nc6 3. Nc3 Bc5 4. Nxe5 Nxe5 5. d4 Bd6 6. dxe5 Bxe5 7. f4 Bxc3+
8. bxc3 Qh4+ 9. g3 Qe7 10. Bd3 b6 11. O-O Qe6 12. Re1 Qh3 13. e5 f6 14. exf6+
Kf7 15. fxg7 Kxg7 16. Bb2 Bb7 17. c4+ Kf8 18. Be4 Nf6 19. Bxb7 Rb8 20. Bxf6 Rxb7
21. Bxh8 Kg8 22. Re8+ Kf7 23. Qd5+ Kxe8 24. Qxb7 Qf5 25. Re1+ Kf7 26. Qd5+ Kg6
27. Qxf5+ Kxf5 28. Re7 Kg6 29. Rxd7 c5 30. Be5 a5 31. Rg7+ Kh6 32. h3 a4 33. h4
a3 34. g4 b5 35. Kg2 bxc4 36. Kg3 c3 37. g5+ Kh5 38. Rxh7+ Kg6 39. Rh6+ Kf5 40.
Bxc3 Ke4 41. Rf6 Kd5 42. h5 Kc4 43. Ba1 Kb4 44. Rd6 c4 45. Rc6 Kb5 46. Rc8 Kb4
47. h6 c3 48. h7 Kb5 49. h8=Q Kb4 50. Qxc3+ Ka4 51. Qb3+ Ka5 52. Ra8# {LeoniMathis est échec et mat} 1-0

[Event "Champ FRA - Under 8"]
[Site "Europe Echecs"]
[Date "2020.07.06"]
[Round "4"]
[Time "15:20:55"]
[PlyCount "108"]
[White "LauerAdam"]
[Black "StoyanovVictor"]
[WhiteElo "1290"]
[BlackElo "799"]
[Mode "WEB"]
[Result "1-0"]

1. e4 e5 2. Nf3 f5 3. exf5 Nc6 4. Bb5 d5 5. d4 exd4 6. Nxd4 Bd7 7. Nxc6 Bxc6 8.
Bxc6+ bxc6 9. O-O Nf6 10. b3 Bc5 11. c4 dxc4 12. Qxd8+ Kxd8 13. bxc4 Ne4 14. Be3
Bxe3 15. fxe3 Rf8 16. Na3 g6 17. fxg6 Rxf1+ 18. Rxf1 hxg6 19. Rf8+ Ke7 20. Rxa8
Nd2 21. Rxa7 Kd7 22. Kf2 Ne4+ 23. Kf3 Ng5+ 24. Kf4 Ne6+ 25. Ke5 Nc5 26. Ra5 Nd3+
27. Kf6 Ne1 28. Kxg6 Nxg2 29. Rg5 Ne1 30. h4 Nd3 31. h5 Ke8 32. Kg7 Ke7 33. h6
Kd6 34. h7 Ke6 35. h8=Q Nf2 36. Qh2 Nd1 37. Qe5+ Kd7 38. Nb5 cxb5 39. Qxb5+ c6
40. Qb7+ Kd6 41. Rg6+ Kc5 42. Qxc6+ Kb4 43. Qb6+ Kc3 44. c5 Nxe3 45. c6 Nd5 46.
c7 Nxb6 47. Rxb6 Kd3 48. c8=Q Ke3 49. Rd6 Ke2 50. Qe8+ Kf2 51. Rf6+ Kg2 52. Kf7
Kg3 53. Qg8+ Kh3 54. Rh6# {StoyanovVictor est échec et mat} 1-0

[Event "Champ FRA - Under 8"]
[Site "Europe Echecs"]
[Date "2020.07.06"]
[Round "4"]
[Time "15:20:55"]
[PlyCount "90"]
[White "GhesquiereLoui"]
[Black "GriffonLoris"]
[WhiteElo "1160"]
[BlackElo "1200"]
[Mode "WEB"]
[Result "1-0"]

1. d4 d5 2. Nc3 Nc6 3. Nf3 Nf6 4. e4 dxe4 5. Ng5 h6 6. Ngxe4 Nxe4 7. Nxe4 Nxd4
8. Bb5+ c6 9. Bc4 e5 10. O-O Qd5 11. Bxd5 Bb4 12. Bc4 Bf5 13. Qh5 Bxe4 14. Qxf7+
Kd8 15. c3 Rf8 16. Qxg7 Nc2 17. cxb4 Nxa1 18. Qxf8+ Kc7 19. Re1 Rxf8 20. Bxh6
Rf4 21. Bxf4 exf4 22. Rxe4 Nc2 23. Re7+ Kd6 24. Re6+ Kd7 25. Re4 b5 26. Be6+ Kd6
27. Bb3 Nd4 28. Rxd4+ Ke5 29. Rd7 a6 30. Re7+ Kf6 31. Re6+ Kf5 32. Rxc6 Ke5 33.
Rxa6 Kd4 34. Rc6 Kd3 35. Kf1 Kd2 36. f3 Kd3 37. h4 Kd2 38. h5 Kd3 39. h6 Kd4 40.
h7 Ke5 41. h8=Q+ Kf5 42. Rc5+ Kg6 43. Qh5+ Kg7 44. Qf7+ Kh8 45. Rh5# {GriffonLoris est échec et mat} 1-0

[Event "Champ FRA - Under 8"]
[Site "Europe Echecs"]
[Date "2020.07.06"]
[Round "4"]
[Time "15:20:55"]
[PlyCount "75"]
[White "DebbicheAmir"]
[Black "CarnetAnaelle"]
[WhiteElo "1110"]
[BlackElo "1160"]
[Mode "WEB"]
[Result "0-1"]

1. e4 d5 2. f3 dxe4 3. fxe4 Nc6 4. Nf3 e5 5. Nc3 Be6 6. Bb5 Bd7 7. Bxc6 Bxc6 8.
b3 Bc5 9. a3 Nf6 10. b4 Bb6 11. d3 O-O 12. Bd2 Ng4 13. Bg5 Qd7 14. h3 Nf2 15.
Qe2 Nxh1 16. Nxe5 Qe6 17. Nxc6 Qxc6 18. Nd5 Bd4 19. Ne7+ Kh8 20. Nxc6 Bxa1 21.
Ne5 Bxe5 22. Be3 Ng3 23. Qf3 Rfe8 24. d4 Bd6 25. e5 Nh1 26. exd6 cxd6 27. Qxb7
Rxe3+ 28. Kd2 Rae8 29. Qxa7 h6 30. Qxf7 Re2+ 31. Kd3 R2e3+ 32. Kc4 Rc8+ 33. Kd5
Ng3 34. Kxd6 Rd8+ 35. Kc6 Rc3+ 36. Kb5 Rb8+ 37. Ka5 Rxa3# {DebbicheAmir est échec et mat} 0-1

[Event "Champ FRA - Under 8"]
[Site "Europe Echecs"]
[Date "2020.07.06"]
[Round "4"]
[Time "15:20:55"]
[PlyCount "38"]
[White "MauryTom"]
[Black "KeyrillosGabri"]
[WhiteElo "1240"]
[BlackElo "1044"]
[Mode "WEB"]
[Result "1-0"]

1. e4 e5 2. Nf3 Nc6 3. Bc4 Be7 4. O-O Nf6 5. Nc3 Nxe4 6. Nxe4 d5 7. Bxd5 Qxd5 8.
Nc3 Qd8 9. Qe2 Bg4 10. h3 Bxf3 11. Qxf3 O-O 12. d3 Bg5 13. Bxg5 Qxg5 14. Ne4 Qe7
15. c4 Rad8 16. Rad1 Nd4 17. Qh5 Rde8 18. Ng5 Qf6 19. Qxh7# {KeyrillosGabri est échec et mat} 1-0

[Event "Champ FRA - Under 8"]
[Site "Europe Echecs"]
[Date "2020.07.06"]
[Round "4"]
[Time "15:20:55"]
[PlyCount "37"]
[White "PopThomas"]
[Black "CerclierAxel"]
[WhiteElo "1030"]
[BlackElo "1440"]
[Mode "WEB"]
[Result "0-1"]

1. d4 d5 2. g3 Nc6 3. Bg2 Nf6 4. Bf4 Bg4 5. Nd2 Nxd4 6. f3 Bf5 7. Nb3 Nxc2+ 8.
Kf1 Nxa1 9. Qxa1 e6 10. g4 Bc2 11. Nd4 Ba4 12. b3 Bc6 13. Nxc6 bxc6 14. Qc1 Bb4
15. Qxc6+ Nd7 16. Qb5 c5 17. Be3 O-O 18. Bxc5 Bxc5 {PopThomas a abandonné} 0-1

[Event "Champ FRA - Under 8"]
[Site "Europe Echecs"]
[Date "2020.07.06"]
[Round "4"]
[Time "15:20:55"]
[PlyCount "73"]
[White "AboulasseGhita"]
[Black "GrondinNathan"]
[WhiteElo "1008"]
[BlackElo "1300"]
[Mode "WEB"]
[Result "0-1"]

1. d4 d5 2. c4 c6 3. Nc3 Nf6 4. Nf3 Bg4 5. Bf4 h6 6. e3 e6 7. Bd3 Bd6 8. Bxd6
Qxd6 9. O-O O-O 10. h3 Bh5 11. Re1 c5 12. dxc5 Qxc5 13. cxd5 exd5 14. Bc2 Ne4
15. Bxe4 dxe4 16. Nxe4 Qf5 17. Nd6 Qe6 18. Nxb7 Bg6 19. Nc5 Qf6 20. Qd4 Qe7 21.
Qd5 Nd7 22. Nxd7 Rfd8 23. Nfe5 Bf5 24. Red1 Qg5 25. Qxf7+ Kh7 26. Qc4 Bxh3 27.
g3 Qh5 28. Nf7 Rdc8 29. Qe4+ Kg8 30. Nd6 Rd8 31. Nc5 Rac8 32. Nb3 Bg4 33. Rd2
Qh3 34. Qe5 Qh5 35. Kf1 Qxe5 36. Kg2 Qg5 {AboulasseGhita a abandonné} 0-1

[Event "Champ FRA - Under 8"]
[Site "Europe Echecs"]
[Date "2020.07.06"]
[Round "4"]
[Time "15:20:55"]
[PlyCount "37"]
[White "CosynsThibault"]
[Black "BronnyTitien"]
[WhiteElo "990"]
[BlackElo "1270"]
[Mode "WEB"]
[Result "0-1"]

1. e4 e5 2. Nc3 Nf6 3. Nf3 Nc6 4. Bb5 Bb4 5. d4 exd4 6. Nxd4 Bxc3+ 7. bxc3 Nxe4
8. Nxc6 bxc6 9. Bd3 Nf6 10. Bf5 O-O 11. O-O Ba6 12. Bd3 Bb7 13. a4 g6 14. Ba3
Re8 15. Bc4 Nh5 16. Qd3 Nf4 17. Qd4 Qg5 18. Rae1 Qxg2# {CosynsThibault est échec et mat} 0-1

[Event "Champ FRA - Under 8"]
[Site "Europe Echecs"]
[Date "2020.07.06"]
[Round "4"]
[Time "15:20:55"]
[PlyCount "66"]
[White "BocheNicolay"]
[Black "CotterchioDant"]
[WhiteElo "960"]
[BlackElo "1260"]
[Mode "WEB"]
[Result "1-0"]

1. e4 e5 2. Nf3 Nc6 3. Bb5 d5 4. Bxc6+ bxc6 5. d3 dxe4 6. Nxe5 Bd6 7. Nxc6 Qd7
8. Nd4 Be5 9. Nb3 exd3 10. cxd3 Bf6 11. Qe2+ Qe7 12. Qxe7+ Nxe7 13. O-O O-O 14.
Nc3 Ba6 15. Rd1 Rad8 16. Nc5 Bb7 17. Nxb7 Bxc3 18. bxc3 Nd5 19. Nxd8 Nxc3 20.
Rd2 Rxd8 21. Bb2 Nb5 22. d4 Nd6 23. Ba3 Nb5 24. Be7 Rd7 25. a4 Nc3 26. Bb4 Ne4
27. Rdd1 c5 28. Bxc5 Nc3 29. Rd2 Ne4 30. Rd3 Nxc5 31. Rc3 Ne4 32. Rc8+ Rd8 33.
Rxd8# {CotterchioDant est échec et mat} 1-0

[Event "Champ FRA - Under 8"]
[Site "Europe Echecs"]
[Date "2020.07.06"]
[Round "4"]
[Time "15:20:55"]
[PlyCount "40"]
[White "YuEtan"]
[Black "RichardAlexis"]
[WhiteElo "960"]
[BlackElo "1250"]
[Mode "WEB"]
[Result "1-0"]

1. e4 e5 2. Nf3 Bc5 3. Bc4 b6 4. O-O Nf6 5. d3 O-O 6. Nxe5 d6 7. Nxf7 Rxf7 8.
Bxf7+ Kxf7 9. Nc3 Bg4 10. Ne2 Bxe2 11. Qxe2 Nc6 12. Be3 Bxe3 13. fxe3 Ne5 14.
Qh5+ Ke6 15. Qh3+ Kf7 16. d4 Ng6 17. Qxh7 Qh8 18. Qxh8 Rxh8 19. e5 dxe5 20. dxe5 {RichardAlexis a abandonné} 1-0